FNAF Characters (Games Only) - Statistics

General Stats
  • This quiz has been taken 273 times
    52 since last reset
  • The average score is 87 of 244
Answer Stats
Game Answer % Correct
Foxy
96%
Freddy Fazbear
96%
Bonnie
92%
Chica
92%
Golden Freddy
92%
Fredbear
76%
Five Nights At Freddy's 1 Ralph
76%
Endo 01
72%
Mike
72%
Springtrap
72%
Ballora
68%
Jeremy
68%
Mangle
68%
Puppet
68%
Spring Bonnie
68%
Toy Bonnie
68%
Toy Chica
68%
Toy Freddy
68%
William Afton
68%
Withered Freddy
68%
BB
64%
Circus Baby
64%
Cupcake
64%
Endo 02
64%
Funtime Freddy
64%
Withered Bonnie
64%
Withered Chica
64%
Withered Foxy
64%
Bon Bon
60%
Funtime Foxy
60%
Nightmare
60%
Nightmare Chica
60%
Nightmare Freddy
60%
Phantom Chica
60%
Phantom Foxy
60%
Phantom Freddy
60%
Bonnet
56%
Electrobab
56%
Ennard
56%
Jeremy Fitzgerald
56%
JJ
56%
Mike Schmidt
56%
Minireena
56%
Nightmare BB
56%
Nightmare Bonnie
56%
Nightmare Fredbear
56%
Phantom BB
56%
Phantom Mangle
56%
Plushtrap
56%
Scrap Baby
56%
Scraptrap
56%
Shadow Bonnie
56%
Shadow Freddy
56%
Yenndo
56%
Bidybab
52%
Cassidy
52%
Five Nights At Freddy's 4 Crying Child
52%
Dee Dee
52%
Freddles
52%
Fritz
52%
Five Nights At Freddy's:Pizzeria Simulator Henry Emily
52%
Lefty
52%
Lolbit
52%
Michael Afton
52%
Molten Freddy
52%
Nightmare Foxy
52%
Nightmare Mangle
52%
Nightmarionne
52%
Phantom Puppet
52%
Pigpatch
52%
Rockstar Bonnie
52%
Rockstar Foxy
52%
Rockstar Freddy
52%
Susie
52%
Withered Golden Freddy
52%
Five Nights At Freddy's:Ultimate Custom Night X.O.R.
52%
Elizabeth Afton
48%
Fruit Punch Clown
48%
Gabriel
48%
Glitchtrap
48%
Happy Frog
48%
Lemonade Clown
48%
Mr Hippo
48%
Nedd Bear
48%
Nightmare Cupcake
48%
Paperpals
48%
PurpleGuy
48%
Rockstar Chica
48%
Toy Cupcake
48%
Charlotte Emily
44%
Dreadbear
44%
El Chip
44%
Glamrock Chica
44%
Glamrock Freddy
44%
Helpy
44%
Montgomery Gator
44%
Mr Hugs
44%
Music Man
44%
Orville Elephant
44%
Five Nights At Freddy's 3 Phone Dude
44%
Roxanne Wolf
44%
Vanny
44%
Candy Cadet
40%
Egg Baby
40%
Funtime Chica
40%
Five Nights At Freddy's:Security Breach Gregory
40%
Grimm Foxy
40%
Handunit
40%
Moon
40%
Mr Can Do
40%
Panstan
40%
Sun
40%
Vanessa
40%
Bucket Bob
36%
Burntrap
36%
Five Nights At Freddy's: Security Breach - RUIN Cassie
36%
DJ Music Man
36%
Five Nights At Freddy's 2 Fritz Smith
36%
Map Bot
36%
Mini Music Man
36%
No. 1 Crate
36%
Prize King
36%
Security Puppet
36%
S.T.A.F.F. Bot
36%
Carnie
32%
Eclipse
32%
Mimic
32%
M.X.E.S.
32%
Shadow Puppet
32%
Tangle
32%
8 Bit Baby
28%
Chip
28%
Glamrock Endo
28%
Little Joe
28%
Magician
28%
Mystic Hippo
28%
Nightmare Endo
28%
Old Man Consequences
28%
Five Nights At Freddy's: Into The Pit Oswald
28%
Shadow BB
28%
Shadow Mangle
28%
Five Nights At Freddy's:Help Wanted Tape Girl
28%
FNaF World Animdude
24%
Black Heart Bonnie
24%
Coffee
24%
Freddy Frostbear
24%
Shattered Chica
24%
Shattered Monty
24%
Shattered Roxy
24%
Black Ice Frostbear
20%
Chocolate Bonnie
20%
Clown Springtrap
20%
Dark Freddy
20%
Gumball Swivelhands
20%
Helpi
20%
Five Nights At Freddy's: Help Wanted 2 Jack-o-Moon
20%
Mask Bot
20%
Mendo
20%
Minireena 2
20%
Mr Chipper
20%
Neon Bonnie
20%
Neon Chica
20%
Nightmarionne Bot
20%
Parrot
20%
Wet Floor Bot
20%
8 Bit Cupcake
16%
Arctic Ballora
16%
Broiler Baby
16%
Catrina Toy Chica
16%
Clockwork Ballora
16%
Dark Foxy
16%
Easter Bonnie
16%
Firework Freddy
16%
Flamethrower Endo
16%
Heartsick Baby
16%
High Score Toy Chica
16%
Liberty Chica
16%
Melted Chocolate Bonnie
16%
Oswald's Dad
16%
Pit Bonnie
16%
Radioactive Foxy
16%
Ringmaster Foxy
16%
Shamrock Freddy
16%
Springlock Suit
16%
Technicians
16%
Toxic Springtrap
16%
VR Toy Freddy
16%
Boulder Toy Bonnie
12%
Clockwork Minireena
12%
Dark Water Endo
12%
Endoplush
12%
Flaming Springtrap
12%
Frostbite BB
12%
Frost Plushtrap
12%
Jetpack BB
12%
Magician Mangle
12%
Neon Jukebox
12%
Oswald's Mom
12%
Party Freddy
12%
Piranha Plushtrap
12%
Prototype Glamrock Freddy
12%
R.A.S.C.
12%
Scorching Chica
12%
Scorching Cupcake
12%
Serpent Mangle
12%
Sunken Toy Bonnie
12%
Swamp BB
12%
System Error Toy Bonnie
12%
The Curse
12%
The Princess
12%
Torch Cupcake
12%
Virtua-Freddy
12%
Woodland Toy Freddy
12%
Aeronaut Toy Freddy
8%
Big Bad Foxy
8%
Burnt Foxy
8%
Calavera Cupcake
8%
DCI
8%
Desk Man
8%
Fortune Teller
8%
Great Escape Golden Freddy
8%
Jeff
8%
Little Red Chica
8%
Party Bot
8%
Plushkin
8%
Sarah
8%
Five Nights At Freddy's:Special Delivery Anna Kwemto
4%
Carnival Nurse
4%
Eleanor
4%
Fetch
4%
Flan
4%
Gold Endo
4%
Jr's Bouncer
4%
Millie
4%
Mop Bot
4%
Quarry
4%
Shattered Daycare Attendant
4%
Shattered DJ Music Man
4%
Shattered Mini Music Man
4%
Snowcone
4%
Stitchwraith
4%
Tutorial Unit
4%
No matching quizzes found
Score Distribution
Percent of People with Each Score
Percentile by Number Answered
Your Score History
You have not taken this quiz since the last reset